Změny v novele zákonníku práce

Od 1.6.1994 nadobudla platnosť novela zákonníka práce. Nerobí rozdiel medzi súkromnými podnikateľmi a ostatnými zamestnávateľmi. Vytvára rovnaké pracovné podmienky pre zamestnancov u obidvoch skupín zamestnávateľov. Novela stanovuje, kto jedná za podnikateľa v pracovnoprávnych vzťahoch.

Guardado en:
Detalles Bibliográficos
Autor principal: Jouza, L.
Formato: Capítulo de libro
Lenguaje:checo
Materias:
Etiquetas: Agregar Etiqueta
Sin Etiquetas, Sea el primero en etiquetar este registro!

MARC

LEADER 00000naa a2200000 4500
001 r015469
005 20221213082628.3
041 0 |a cze 
044 |a CZ 
245 1 0 |a Změny v novele zákonníku práce  |c L. Jouza 
520 |a Od 1.6.1994 nadobudla platnosť novela zákonníka práce. Nerobí rozdiel medzi súkromnými podnikateľmi a ostatnými zamestnávateľmi. Vytvára rovnaké pracovné podmienky pre zamestnancov u obidvoch skupín zamestnávateľov. Novela stanovuje, kto jedná za podnikateľa v pracovnoprávnych vzťahoch. 
610 2 0 |a zákonník práce 
610 2 0 |a Česko 
610 2 0 |a 1994 
610 2 0 |a vzťahy pracovnoprávne 
100 1 |a Jouza, L.